000 00375nam a2200157Ia 4500
008 230917s9999||||xx |||||||||||||| ||und||
040 _e202561
_aMAIN
041 _aEnglish
082 _a362.29 M859D(5)
100 _aMottram, David R, ed.
245 0 _aDrugs in sport
250 _a5th ed.
260 _aLondon
_bRoutledge
_c2011
300 _axvi, 414 p.
942 _cBK
999 _c159165
_d159165